| 000 | 00484nam a2200133Ia 4500 | ||
|---|---|---|---|
| 008 | 200916s9999 xx 000 0 und d | ||
| 020 | _a978-971-6954-11-7 | ||
| 100 | _aFlores, Marivic F. | ||
| 245 |
_cMarivic F, Flores, Angelita Ong Camilar-Serrano.-- _aProject management / |
||
| 260 |
_aManila : _bUnlimited Books Library Services & Publishing Inc. _c2015 |
||
| 300 |
_ax , 372 pages : _billustrations ; _c25 cm. |
||
| 650 | _aProject management | ||
| 650 | _aWork breakdown structure | ||
| 999 |
_c364274 _d364274 |
||